| 000 | 02104cam a22003375i 4500 | ||
|---|---|---|---|
| 001 | 21543143 | ||
| 005 | 20260606122342.0 | ||
| 008 | 200527s2020 cau 000 0 eng | ||
| 010 | _a 2020939371 | ||
| 020 |
_a9789353883102 _q(hardback) |
||
| 020 |
_z9789353883119 _q(epub) |
||
| 020 |
_z9789353883126 _q(ebook) |
||
| 035 | _a21543143 | ||
| 040 |
_aDLC _beng _erda _cDLC |
||
| 042 | _apcc | ||
| 082 | _a333.79 | ||
| 245 | 0 | 0 |
_aEnergy economics and the environment : _bconservation, preservation and sustainability / _cMohammad Younus Bhat, Hiranmoy Roy, M. S. Bhatt. |
| 263 | _a2006 | ||
| 264 | 1 |
_aThousand Oaks : _bSAGE Publications India Pvt Ltd, _c2020. |
|
| 336 |
_atext _btxt _2rdacontent |
||
| 337 |
_aunmediated _bn _2rdamedia |
||
| 338 |
_avolume _bnc _2rdacarrier |
||
| 520 |
_a"Energy is a basic prerequisite for the growth and development of national wealth. Based on primary research, Energy Economics and the Environment integrates a network of diverse disciplines to provide a theoretical and practical understanding of the constantly neglected challenges associated with conservation, preservation and sustainability of environment and energy. It highlights the issues and prospects in safeguarding environmental biodiversity and renewable energy efficiency, ecosystem chains and human living standards. This book studies the vulnerability associated with global climate alterations that limits direct social and economic benefits from ecosystem goods and services, and presents significant methods through illustrative case studies to tackle energy and environmental questions. In its final analysis, the book proposes possible unconventional mitigation strategies to restore sustainable biodiversity of ecosystems"-- _cProvided by publisher. |
||
| 700 | 1 |
_aBhat, Mohammad Younus, _eeditor. |
|
| 700 | 1 |
_aRoy, Hiranmoy, _eeditor. |
|
| 700 | 1 |
_aBhatt, M. S., _eeditor. |
|
| 856 |
_uhttps://sk.sagepub.com/books/energy-economics-and-the-environment _yRead SAGE E-Book |
||
| 906 |
_a0 _bibc _corignew _d2 _eepcn _f20 _gy-gencatlg |
||
| 942 |
_2ddc _cEBOOK |
||
| 999 |
_c44731 _d44731 |
||